| 000 | 00508nam a2200205Ia 4500 | ||
|---|---|---|---|
| 003 | OSt | ||
| 005 | 20140311163142.0 | ||
| 008 | 140130s9999 xx 000 0 und d | ||
| 020 | _a9780717285938 | ||
| 050 |
_aBF 723.D54 _b.B47Bd 2005 |
||
| 100 |
_aBerry, Joy _931433 |
||
| 245 |
_aA book about disobeying / _cJoy Berry. |
||
| 260 |
_bScholastic, _c2005. _aNew York : |
||
| 300 |
_a15 p. : _bcol. ill. ; _c18 cm. |
||
| 440 | _v1 | ||
| 521 | _aG2 | ||
| 526 | _c300 | ||
| 942 |
_cBK _2lcc |
||
| 999 |
_c41977 _d41977 |
||